000 00405cam a2200169ua 4500
020 _c7.35
041 _aeng
_h
082 _a823.308
_bSTR/CU
100 _aStreatfield, Noel .
245 _aCurtain up /
_cNoel Streatfield.
_hTextual Documents
260 _aLondon :
_bJ M Dent and Sons Ltd ,
_c1963.
300 _a288 ; .
365 _a7.35
504 _a
942 _cBK
999 _c8875
_d8875